Visualizzazione normale
Vista MARC
di Corporate Name
Records bibliografici associati: 1
001 - CONTROL NUMBER
- control field: 24408
003 - CONTROL NUMBER IDENTIFIER
- control field: IT-RoPau
005 - DATE AND TIME OF LATEST TRANSACTION
- control field: 20140510110137.0
008 - FIXED-LENGTH DATA ELEMENTS
- fixed length control field: 140510|| aca||aabn | a|a d
040 ## - CATALOGING SOURCE
- Original cataloging agency: IT-RoPau
- Transcribing agency: IT-RoPau
110 ## - HEADING--CORPORATE NAME
- Corporate name or jurisdiction name as entry element:
670 ## - SOURCE DATA FOUND
- Source citation: Work cat.: (IT-RoPau)34074: Equipe d’informazione 24407, A lui darete ascolto.